Rubber tree trunk phloem necrosis in Northeast Thailand. 1. Investigations on soil heterogeneities and disease distribution (Record no. 68101)

MARC details
000 -LEADER
fixed length control field 00816nam a2200253Ia 4500
100 ## - MAIN ENTRY--AUTHOR NAME
Personal name Hartmann C
245 #0 - TITLE STATEMENT
Title Rubber tree trunk phloem necrosis in Northeast Thailand. 1. Investigations on soil heterogeneities and disease distribution
260 ## - PUBLICATION, DISTRIBUTION, ETC. (IMPRINT)
Name of publisher Preprints of Papers. International Natural Rubber Conference 13-14 November 2006, Vietnam, pp.139-156.
650 ## - SUBJECT ADDED ENTRY--TOPICAL TERM
Topical Term Bulk density
650 ## - SUBJECT ADDED ENTRY--TOPICAL TERM
Topical Term Loamy soils soil/tree interface
650 ## - SUBJECT ADDED ENTRY--TOPICAL TERM
Topical Term Soil porosity
650 ## - SUBJECT ADDED ENTRY--TOPICAL TERM
Topical Term Soil resistance
650 ## - SUBJECT ADDED ENTRY--TOPICAL TERM
Topical Term Soil water
650 ## - SUBJECT ADDED ENTRY--TOPICAL TERM
Topical Term Spatial distribution
650 ## - SUBJECT ADDED ENTRY--TOPICAL TERM
Topical Term Thailand
650 ## - SUBJECT ADDED ENTRY--TOPICAL TERM
Topical Term Trunk phloen necrosis(TPN)
700 ## - ADDED ENTRY--PERSONAL NAME
Personal name Do F
700 ## - ADDED ENTRY--PERSONAL NAME
Personal name Isarangkool S
700 ## - ADDED ENTRY--PERSONAL NAME
Personal name Lesturgez G
700 ## - ADDED ENTRY--PERSONAL NAME
Personal name Maeght J L
700 ## - ADDED ENTRY--PERSONAL NAME
Personal name Nandris D
942 ## - ADDED ENTRY ELEMENTS (KOHA)
Koha item type Journals
Holdings
Withdrawn status Lost status Damaged status Not for loan Home library Current library Shelving location Date acquired Koha item type
      Journals RRII Library RRII Library Plant physiology 01/01/2021 Journals